[Event "Michigan Class C"]
[Site "Grand Rapids, MI"]
[Date "1997.01.19"]
[Round "4.5"]
[White "Brumley, Ron"]
[Black "Bloch, Hermann"]
[Result "1-0"]
[WhiteElo "1448"]
[BlackElo "1549"]
[PlyCount "111"]
[EventDate "1997.01.18"]

1. e4 c5 2. Nf3 d6 3. d4 cxd4 4. Nxd4 Nf6 5. Nc3 h6 6. Be3 a6 7. f3 e5 8. Nb3
Be6 9. Qd2 Be7 10. Be2 Nh7 11. O-O Nc6 12. Rfd1 O-O 13. Nd5 Bxd5 14. Qxd5 Qc7
15. a3 Rad8 16. Nc1 Bg5 17. Bxg5 Nxg5 18. Na2 Ne6 19. Kh1 Nf4 20. Qd2 Nxe2 21.
Qxe2 Nd4 22. Rxd4 exd4 23. Rd1 Rc8 24. c3 dxc3 25. Nxc3 Rfd8 26. h3 Qc4 27.
Qxc4 Rxc4 28. Nd5 Kf8 29. b4 Rdc8 30. Kh2 Rc1 31. Rd3 R8c6 32. Kg3 f6 33. h4
Kf7 34. h5 Ke6 35. Kf4 R1c4 36. g4 b5 37. Kg3 Rc2 38. Kf4 Rh2 39. a4 bxa4 40.
Ra3 Rd2 41. Ne3 Rb2 42. Rxa4 Rb3 43. Nf5 Rb6 44. Nd4+ Kf7 45. Nxb3 g6 46. hxg6+
Kxg6 47. Nd2 Rc6 48. Nf1 h5 49. gxh5+ Kxh5 50. Ne3 Kg6 51. Nd5 Kf7 52. Ra2 Kg7
53. Rg2+ Kf7 54. Rg1 Ke6 55. Rg7 f5 56. Re7# 1-0

[Event "Michigan Class C"]
[Site "Grand Rapids, MI"]
[Date "1997.01.19"]
[Round "5.7"]
[White "Bloch, Hermann"]
[Black "Jensen, David"]
[Result "1-0"]
[WhiteElo "1549"]
[BlackElo "1473"]
[PlyCount "89"]
[EventDate "1997.01.18"]

1. d4 d5 2. c4 c6 3. a4 Nf6 4. e3 Bf5 5. Nc3 e6 6. c5 Nbd7 7. a5 b6 8. axb6
axb6 9. Rxa8 Qxa8 10. Qa4 Qxa4 11. Nxa4 bxc5 12. dxc5 Nxc5 13. Nxc5 Bxc5 14. f3
Kd7 15. g4 Bc2 16. Kd2 Bb3 17. Ne2 e5 18. Bh3 Bb4+ 19. Nc3 Kd6 20. Ke2 g5 21.
Bd2 Bxc3 22. Bxc3 Re8 23. Kf2 c5 24. Ra1 Bc4 25. Ra7 d4 26. Bd2 Re7 27. Rxe7
Kxe7 28. exd4 h6 29. dxc5 Nd5 30. Bf1 Bxf1 31. Kxf1 Kd7 32. Ke2 Kc6 33. b4 Ne7
34. Kd3 f5 35. h3 Kd5 36. gxf5 Nxf5 37. Be3 Ne7 38. Bf2 Kc6 39. Ke4 Ng6 40. Bg3
Nf4 41. Bxf4 exf4 42. Kf5 Kb5 43. Kg4 Kc6 44. h4 h5+ 45. Kxg5 1-0

[Event "Michigan Class C"]
[Site "Grand Rapids, MI"]
[Date "1997.01.19"]
[Round "4.4"]
[White "Belill, Mike"]
[Black "Gregg, Ted"]
[Result "1/2-1/2"]
[WhiteElo "1472"]
[BlackElo "1400"]
[PlyCount "82"]
[EventDate "1997.01.18"]

1. e4 e5 2. Nf3 Nc6 3. Bc4 Bc5 4. c3 Nf6 5. O-O d6 6. d4 exd4 7. cxd4 Bb4 8. a3
Ba5 9. e5 dxe5 10. Nxe5 Be6 11. Bxe6 fxe6 12. Nxc6 bxc6 13. Qe2 Qd5 14. Nc3
Bxc3 15. bxc3 O-O 16. Re1 Rfe8 17. Bf4 Re7 18. Be5 Rb8 19. c4 Qd7 20. Rab1 Rb6
21. a4 a5 22. Qf3 Rf7 23. Qc3 Ra6 24. Rb7 Qc8 25. Qb3 Ra8 26. f3 Ne8 27. c5 Nf6
28. Bxf6 Rxf6 29. Re4 Kf7 30. Qb1 Rf5 31. Rb3 Qd7 32. Qe1 Rd5 33. Qh4 Kg8 34.
Qg4 Re8 35. h4 h5 36. Qg6 Qf7 37. Qxf7+ Kxf7 38. f4 g6 39. Kf2 Red8 40. Ke3 Kf6
41. Rb7 R5d7 1/2-1/2

[Event "Michigan Class C"]
[Site "Grand Rapids, MI"]
[Date "1997.01.19"]
[Round "5.4"]
[White "Belill, Mike"]
[Black "Crysler, Jerry"]
[Result "0-1"]
[WhiteElo "1472"]
[BlackElo "1416"]
[PlyCount "100"]
[EventDate "1997.01.18"]

1. e4 d6 2. d4 c6 3. Nf3 Bg4 4. h3 Bxf3 5. Qxf3 e6 6. c4 Be7 7. Bd3 Nf6 8. O-O
O-O 9. Nd2 d5 10. e5 Ne8 11. Qh5 g6 12. Qe2 f5 13. c5 b5 14. b4 a5 15. bxa5
Rxa5 16. Nb3 Ra7 17. Bd2 Qc8 18. f4 Rf7 19. g4 fxg4 20. Qxg4 Ng7 21. h4 Nf5 22.
Bxf5 Rxf5 23. Rf2 Qd8 24. Rh2 Bf8 25. h5 Rg7 26. h6 Rgf7 27. a4 bxa4 28. Rxa4
Rb7 29. Qd1 Rbf7 30. Qg4 Be7 31. Ra7 Nd7 32. Be3 Nf8 33. Nd2 Qb8 34. Ra2 Qb4
35. Nf1 Rxf4 36. Qxf4 Rxf4 37. Bxf4 Qxd4+ 38. Be3 Qxe5 39. Ra7 Bf6 40. Rf2 d4
41. Bd2 d3 42. Rxf6 Qxf6 43. Rg7+ Kh8 44. Ng3 Qd4+ 45. Kg2 Qxc5 46. Rf7 Qd5+
47. Kh3 Nd7 48. Bc3+ e5 49. Bxe5+ Qxe5 50. Rxd7 Qe6+ 0-1

[Event "Michigan Class A"]
[Site "Grand Rapids, MI"]
[Date "1997.01.19"]
[Round "3.1"]
[White "Bauerle, Paul"]
[Black "Evans Sr., Thomas"]
[Result "0-1"]
[WhiteElo "1914"]
[BlackElo "1924"]
[PlyCount "82"]
[EventDate "1997.01.18"]

1. d4 e6 2. c4 d5 3. Nc3 Nc6 4. Nf3 Nf6 5. Bg5 Be7 6. e3 h6 7. Bxf6 Bxf6 8. Qb3
dxc4 9. Bxc4 O-O 10. Qb5 a6 11. Qh5 Kh7 12. Ne4 Be7 13. g4 f5 14. Ng3 g6 15.
Qh3 fxg4 16. Qxg4 e5 17. Qe4 Bb4+ 18. Ke2 exd4 19. Nxd4 Nxd4+ 20. Qxd4 Qxd4 21.
exd4 Bg4+ 22. Kd3 Rf3+ 23. Kc2 Rxf2+ 24. Kb3 Bd6 25. Raf1 Raf8 26. Rxf2 Rxf2
27. Rf1 Rxf1 28. Bxf1 Be6+ 29. Bc4 Bxc4+ 30. Kxc4 Bxg3 31. hxg3 Kg7 32. Kd5 Kf6
33. Ke4 Ke6 34. d5+ Kd6 35. b3 c6 36. dxc6 bxc6 37. b4 Ke6 38. Kd4 h5 39. Ke4
g5 40. a4 h4 41. g4 Kd6 0-1

[Event "Michigan Class A"]
[Site "Grand Rapids, MI"]
[Date "1997.01.19"]
[Round "4.2"]
[White "Bauerle, Paul"]
[Black "Eckert, William"]
[Result "0-1"]
[WhiteElo "1914"]
[BlackElo "1909"]
[PlyCount "76"]
[EventDate "1997.01.18"]

1. d4 Nf6 2. c4 e6 3. Nc3 c5 4. d5 exd5 5. cxd5 d6 6. e4 g6 7. Bd3 Bg7 8. Nge2
O-O 9. O-O a6 10. a4 Re8 11. Ng3 Qe7 12. h3 h5 13. Bg5 Qe5 14. Qd2 Nbd7 15.
Nce2 Nh7 16. f4 Qxb2 17. Qxb2 Bxb2 18. Ra2 Bg7 19. Bh4 Rb8 20. Rb1 b6 21. Rc2
Bf6 22. Bxf6 Nhxf6 23. Nc3 h4 24. Nf1 Nh5 25. Rf2 c4 26. Bxc4 Nc5 27. Re1 Kg7
28. Kh2 Bd7 29. g4 hxg3+ 30. Nxg3 Nxg3 31. Kxg3 b5 32. axb5 axb5 33. Bf1 b4 34.
Nd1 Nxe4+ 35. Rxe4 Rxe4 36. Bg2 Rd4 37. Nb2 Rc8 38. Kh2 Rc3 0-1

[Event "Michigan Masters/Experts"]
[Site "Grand Rapids, MI"]
[Date "1997.01.19"]
[Round "3.3"]
[White "Bailey, Greg"]
[Black "Kamberi, Sonny"]
[Result "0-1"]
[WhiteElo "2000"]
[BlackElo "2277"]
[PlyCount "90"]
[EventDate "1997.01.18"]

1. Nf3 Nf6 2. d4 g6 3. h3 Bg7 4. Bf4 d6 5. e3 O-O 6. Bd3 Nbd7 7. O-O Qe8 8. e4
e5 9. dxe5 Nxe5 10. Nxe5 dxe5 11. Bd2 b6 12. Nc3 Bb7 13. Qe2 Nh5 14. Rad1 Qe7
15. Nd5 Bxd5 16. exd5 Rad8 17. c4 f5 18. a3 Qh4 19. Bb1 e4 20. Kh2 Bxb2 21. Bb4
Be5+ 22. Kg1 Nf4 23. Qe3 Nxg2 24. Kxg2 f4 25. Qxe4 f3+ 26. Qxf3 Rxf3 27. Kxf3
a5 28. Bd2 Qxh3+ 29. Ke2 Qg4+ 30. f3 Qxc4+ 31. Bd3 Qa2 32. Be4 Bf4 33. Ke1 Bg3+
34. Ke2 Bf4 35. Ke1 Bxd2+ 36. Rxd2 Qxa3 37. Rc2 Qe3+ 38. Kd1 c5 39. Re1 Qb3 40.
Ree2 c4 41. Red2 Rd6 42. Rd4 b5 43. Kd2 a4 44. Rc3 Qb2+ 45. Bc2 a3 0-1

[Event "Michigan Class C"]
[Site "Grand Rapids, MI"]
[Date "1997.01.19"]
[Round "4.1"]
[White "Asbury, Victor"]
[Black "Aldrich, Justin"]
[Result "0-1"]
[WhiteElo "1530"]
[BlackElo "1584"]
[PlyCount "72"]
[EventDate "1997.01.18"]

1. c4 e5 2. Nc3 Nf6 3. g3 Bc5 4. Bg2 c6 5. Na4 Be7 6. Nf3 d6 7. O-O Be6 8. d3
Nbd7 9. Ng5 Bf5 10. e4 Bg6 11. f4 exf4 12. Bxf4 Ne5 13. Bxe5 dxe5 14. Qb3 Qd4+
15. Kh1 Ng4 16. h3 Nf2+ 17. Kh2 Bxg5 18. Qxb7 O-O 19. Qxc6 h5 20. Qd5 Qxd5 21.
exd5 Nxd3 22. d6 Rac8 23. Bd5 Rfd8 24. Rf3 e4 25. Rxd3 exd3 26. c5 Rd7 27. b4
d2 28. Rf1 Re8 29. Bb3 Re2+ 30. Kg1 Be3+ 31. Rf2 Rxf2 32. Nc3 Re2+ 33. Kf1 Re1+
34. Kg2 Bd4 35. Nd1 Be4+ 36. Kh2 Rh1# 0-1

[Event "Michigan Class C"]
[Site "Grand Rapids, MI"]
[Date "1997.01.19"]
[Round "5.1"]
[White "Aldrich, Justin"]
[Black "Smith, Lester"]
[Result "1-0"]
[WhiteElo "1584"]
[BlackElo "1515"]
[PlyCount "105"]
[EventDate "1997.01.18"]

1. e4 e5 2. Nf3 Nf6 3. Nxe5 Nxe4 4. Qe2 d5 5. d3 Qe7 6. dxe4 Qxe5 7. exd5 Qxe2+
8. Bxe2 Bf5 9. c4 Bc5 10. Bf4 Na6 11. Nd2 O-O 12. O-O Rfe8 13. Bf3 Rac8 14. Nb3
Bb6 15. d6 cxd6 16. Bxb7 Rxc4 17. Bxd6 Nb4 18. Rfe1 Rd8 19. Re7 Be6 20. Bxb4
Rxb4 21. Ba6 Ra4 22. Bb5 Bxb3 23. Rae1 Be6 24. Bxa4 Kf8 25. Rb7 Bc8 26. Rb8 g6
27. Rc1 Bg4 28. Rxd8+ Bxd8 29. Re1 Bf6 30. Re8+ Kg7 31. Bb3 Bd7 32. Rb8 Bd4 33.
Rb7 Bf5 34. Bxf7 Kh6 35. Bg8 g5 36. b4 Bc2 37. Rc7 Bf5 38. a4 Bb6 39. Re7 g4
40. a5 Bd4 41. b5 Bc2 42. Rd7 Bc5 43. Be6 Ba4 44. Bxg4 Bxb5 45. Rd5 Ba3 46.
Rxb5 Bf8 47. Bf5 Ba3 48. Rb7 Bc5 49. Bxh7 Bd4 50. Bd3 Bc5 51. g4 Bd4 52. h4 a6
53. Rh7# 1-0

[Event "Michigan Masters/Experts"]
[Site "Grand Rapids, MI"]
[Date "1997.01.19"]
[Round "3.2"]
[White "Aldrich, Jeff"]
[Black "Hahn, David"]
[Result "0-1"]
[WhiteElo "2033"]
[BlackElo "2218"]
[PlyCount "94"]
[EventDate "1997.01.18"]

1. d4 d6 2. c4 f5 3. Nc3 Nf6 4. Nf3 g6 5. e3 Bg7 6. b4 Nbd7 7. Bb2 O-O 8. Qb3
c6 9. Be2 h6 10. O-O Kh8 11. Rfd1 a6 12. a4 Qe8 13. Rac1 a5 14. Ba3 axb4 15.
Bxb4 Ne4 16. Nd2 Ndf6 17. Bf3 Ng5 18. Be2 Qf7 19. c5 d5 20. f3 f4 21. e4 Ne6
22. Ndb1 Nd7 23. e5 h5 24. Rd2 Bh6 25. Nd1 Ng7 26. Ra2 Nf5 27. Qd3 g5 28. Bd2
Rg8 29. Nf2 Qe6 30. Re1 Nf8 31. Bd1 Ng6 32. Nc3 Ngh4 33. Kh1 Rg7 34. Rg1 Ng6
35. Bc1 Ngh4 36. Rb2 Ne3 37. Bxe3 fxe3 38. Qxe3 g4 39. Qd3 g3 40. hxg3 Nf5 41.
Ne2 Rxg3 42. Nxg3 Nxg3+ 43. Kh2 Bf4 44. Nh3 Qh6 45. Nxf4 Qxf4 46. Re1 Ne2+ 47.
Kh1 Qh4# 0-1

[Event "Michigan Masters/Experts"]
[Site "Grand Rapids, MI"]
[Date "1997.01.19"]
[Round "4.4"]
[White "Aldrich, Jeff"]
[Black "Bailey, Greg"]
[Result "1-0"]
[WhiteElo "2033"]
[BlackElo "2000"]
[PlyCount "53"]
[EventDate "1997.01.18"]

1. d4 d5 2. c4 c6 3. Nc3 Nf6 4. Nf3 dxc4 5. e3 b5 6. a4 Qb6 7. Ne5 Be6 8. axb5
Nd5 9. Nxc4 Qb7 10. Ne4 cxb5 11. Nc5 Qc6 12. Ne5 Qb6 13. Bd2 a6 14. Ba5 Qa7 15.
Nxe6 fxe6 16. Rc1 Nd7 17. Nc6 Qb7 18. e4 N5b6 19. Bd3 Rc8 20. d5 exd5 21. exd5
Nf6 22. Bf5 Ra8 23. Be6 Nc4 24. Bc3 g6 25. Qb3 Bh6 26. Bxf6 exf6 27. Rxc4 1-0

[Event "Lansing February Mini-Swiss.1"]
[Site "?"]
[Date "1997.02.09"]
[Round "2"]
[White "Williams, Ken"]
[Black "Aldrich, Jeff"]
[Result "1-0"]
[WhiteElo "1924"]
[BlackElo "2033"]
[PlyCount "101"]
[EventDate "1997.??.??"]

1. d4 d5 2. c4 c6 3. cxd5 cxd5 4. Nf3 Nc6 5. Nc3 Nf6 6. Bf4 e6 7. e3 a6 8. Rc1
Bd6 9. Bg3 O-O 10. Bd3 Re8 11. Ne5 Qe7 12. O-O Nd7 13. f4 Nf8 14. Qh5 g6 15.
Qh6 f6 16. Ng4 Qg7 17. Qh4 Be7 18. Nh6+ Kh8 19. Rf3 Nd7 20. f5 exf5 21. Bxf5
gxf5 22. Nxf5 Qg5 23. Nxd5 Qxh4 24. Bxh4 Bd8 25. Nd6 Rf8 26. Rcf1 a5 27. g3 Nb4
28. Nxb4 axb4 29. Nxc8 Rxc8 30. b3 Rc3 31. e4 b5 32. e5 Bb6 33. Kg2 Bxd4 34.
exf6 Rc2+ 35. Kh3 Rxa2 36. Rd3 Bc3 37. Rxd7 Rb2 38. f7 Kg7 39. Rb7 Rxb3 40.
Rxb5 h6 41. Rbf5 Rb2 42. Be7 b3 43. Bxf8+ Kxf8 44. Rb5 Bg7 45. Rb8+ Ke7 46.
f8=Q+ Bxf8 47. Rfxf8 Rc2 48. Rfc8 Kd7 49. Rh8 b2 50. Rxh6 Kc7 51. Rhb6 1-0

[Event "Lansing February Mini-Swiss.1"]
[Site "?"]
[Date "1997.02.09"]
[Round "3"]
[White "Triplett, Thomas"]
[Black "Aldrich, Jeff"]
[Result "0-1"]
[WhiteElo "1948"]
[BlackElo "2033"]
[PlyCount "92"]
[EventDate "1997.??.??"]

1. e4 c6 2. d4 d5 3. exd5 cxd5 4. Bd3 Nc6 5. c3 Qc7 6. Nf3 Bg4 7. O-O e6 8. h3
Bh5 9. Bg5 Bd6 10. Nbd2 h6 11. Be3 Nge7 12. Qc2 O-O 13. g4 Bg6 14. Nh4 Bxd3 15.
Qxd3 e5 16. dxe5 Nxe5 17. Qc2 Rad8 18. Ndf3 Nxf3+ 19. Nxf3 f5 20. g5 f4 21. Bd4
Qd7 22. Kg2 hxg5 23. Nxg5 Nf5 24. Rg1 Be7 25. Kh2 f3 26. Rg4 Qc7+ 27. Kh1 Bxg5
28. Rxg5 Nxd4 29. Qd3 Ne2 30. Rh5 g6 31. Rh4 Qf7 32. Rg4 Rd6 33. Rd1 Qh7 34.
Kh2 Nf4 35. Rxf4 Rxf4 36. Rg1 Qh5 37. Qe3 Re4 38. Qxa7 Qe5+ 39. Rg3 Re2 40.
Qb8+ Kh7 41. Qxb7+ Kh6 42. Qa7 d4 43. Qf7 Rxf2+ 44. Kh1 Rf1+ 45. Rg1 Rxg1+ 46.
Kxg1 Qg3+ 0-1

[Event "Lansing February Mini-Swiss.1"]
[Site "?"]
[Date "1997.02.09"]
[Round "1"]
[White "Aldrich, Jeff"]
[Black "Garrison, Ray"]
[Result "0-1"]
[WhiteElo "2033"]
[BlackElo "1900"]
[PlyCount "78"]
[EventDate "1997.??.??"]

1. d4 Nf6 2. c4 e5 3. dxe5 Ng4 4. Nf3 Nc6 5. Nc3 Bc5 6. e3 O-O 7. Bd2 Re8 8.
Ne4 Bf8 9. Bc3 Ngxe5 10. Nxe5 Nxe5 11. Ng3 d6 12. Be2 Qh4 13. Qd4 Qxd4 14. Bxd4
Be6 15. b3 Nc6 16. Bc3 a5 17. O-O a4 18. f4 f5 19. Bf3 g6 20. e4 fxe4 21. Nxe4
Bg7 22. Bxg7 Kxg7 23. Ng5 Bf5 24. Bd5 Bc2 25. Ne6+ Rxe6 26. Bxe6 axb3 27. axb3
Rxa1 28. Rxa1 Bxb3 29. Rb1 Nd4 30. Bd5 b5 31. Re1 Kf6 32. Re4 c5 33. Re8 Bxc4
34. Rf8+ Ke7 35. Rf7+ Ke8 36. Bxc4 bxc4 37. Ra7 c3 38. Kf2 c2 39. Ra1 Nb3 0-1

[Event "Ann Arbor Winter Open.2"]
[Site "Ann Arbor, MI"]
[Date "1997.02.22"]
[Round "2"]
[White "Yahkind, Andrew"]
[Black "Silveri, Marco"]
[Result "0-1"]
[WhiteElo "1151"]
[BlackElo "1258"]
[PlyCount "86"]
[EventDate "1997.02.22"]

1. e4 c5 2. Nf3 d6 3. d4 cxd4 4. Nxd4 Nf6 5. Nc3 g6 6. Bc4 Bg7 7. O-O O-O 8.
Re1 a6 9. f4 b5 10. Bb3 Bb7 11. e5 Nfd7 12. exd6 exd6 13. Nf3 Nc5 14. Nd5 Nxb3
15. axb3 Nc6 16. c3 Bc8 17. h3 h6 18. Qe2 Be6 19. c4 b4 20. Ra4 a5 21. Rd1 Re8
22. Qc2 Ne7 23. Nxe7+ Qxe7 24. Re1 Qc7 25. Be3 Bf5 26. Qf2 Qb7 27. Bb6 Rxe1+
28. Nxe1 Bxb2 29. Qxb2 Qxb6+ 30. Kh2 Qe3 31. Qa1 Qxf4+ 32. Kg1 Qe3+ 33. Kh2
Qxb3 34. Rxa5 Rxa5 35. Qxa5 Qxc4 36. Qd8+ Kg7 37. Qxd6 b3 38. Qe5+ Kh7 39. Qb2
Be6 40. Qa1 Qe4 41. Kg1 Qe2 42. g4 Qe3+ 43. Kh2 Qf2+ 0-1

[Event "Ann Arbor Winter Open.2"]
[Site "Ann Arbor, MI"]
[Date "1997.02.22"]
[Round "1"]
[White "Yahkind, Andrew"]
[Black "Dowling, James"]
[Result "0-1"]
[WhiteElo "1151"]
[BlackElo "1332"]
[PlyCount "68"]
[EventDate "1997.02.22"]

1. e4 c5 2. Nf3 Nc6 3. d4 cxd4 4. Nxd4 g6 5. Nc3 Bg7 6. Be3 Nf6 7. Nxc6 bxc6 8.
e5 Ng8 9. f4 d6 10. exd6 exd6 11. Qd3 Bf5 12. Qc4 Ne7 13. O-O-O O-O 14. Bd4 d5
15. Qc5 Bxd4 16. Qxd4 Qb6 17. Be2 Rab8 18. Qxb6 Rxb6 19. Rhe1 Rfb8 20. Na4 Rb4
21. b3 Rxf4 22. Bf3 Kf8 23. Nc5 Rb5 24. Nd3 Bxd3 25. Rxd3 Nf5 26. Be2 Re4 27.
Rh3 Rc5 28. Rxh7 Kg8 29. Rh3 Nd4 30. Kd1 Rxc2 31. Bd3 Rxe1+ 32. Kxe1 Rxa2 33.
Re3 Kf8 34. h4 Rxg2 0-1

[Event "Ann Arbor Winter Open.2"]
[Site "Ann Arbor, MI"]
[Date "1997.02.22"]
[Round "1"]
[White "Silveri, Marco"]
[Black "Curtis, Dave"]
[Result "0-1"]
[WhiteElo "1258"]
[BlackElo "1019"]
[PlyCount "82"]
[EventDate "1997.02.22"]

1. c4 c5 2. Nf3 Nc6 3. g3 d6 4. Bg2 Bg4 5. O-O e6 6. d3 Nf6 7. Bd2 Be7 8. Nc3
a6 9. a3 O-O 10. Qb1 Qd7 11. Na4 Qc7 12. Bf4 Bxf3 13. exf3 Nd4 14. Qd1 Qc6 15.
Nc3 b5 16. Bg5 h6 17. Bxf6 Bxf6 18. f4 Qc8 19. Bxa8 Qxa8 20. Ne4 Be7 21. f3 f5
22. Nd2 d5 23. Kf2 Rd8 24. Nb3 Nxb3 25. Qxb3 dxc4 26. dxc4 Rd2+ 27. Kg1 bxc4
28. Qxc4 Kh8 29. b3 Qb7 30. Qxe6 Bf6 31. Rae1 Bd4+ 32. Kh1 Rf2 33. Rxf2 Bxf2
34. Qe2 Bxe1 35. Qxe1 Qxf3+ 36. Kg1 Qxb3 37. Qe8+ Kh7 38. a4 c4 39. Qc6 Qb1+
40. Kf2 c3 41. Ke3 Qe1+ 0-1

[Event "Ann Arbor Winter Open.1"]
[Site "Ann Arbor, MI"]
[Date "1997.02.22"]
[Round "2"]
[White "Seawald, Dennis"]
[Black "Sellers, Matt"]
[Result "0-1"]
[WhiteElo "2305"]
[BlackElo "1896"]
[PlyCount "66"]
[EventDate "1997.02.22"]

1. Nf3 Nf6 2. c4 c5 3. Nc3 d6 4. g3 g6 5. Bg2 Nc6 6. a3 Bg7 7. Rb1 O-O 8. O-O
d5 9. cxd5 Nxd5 10. Nxd5 Qxd5 11. d3 b6 12. Ng5 Qd7 13. Qa4 Bb7 14. Qh4 h6 15.
Ne4 Nd4 16. Bxh6 Nxe2+ 17. Kh1 Nd4 18. g4 Bxh6 19. Qxh6 Qxg4 20. h3 Qh5 21.
Qxh5 gxh5 22. Nf6+ exf6 23. Bxb7 Rae8 24. b4 Re7 25. Rg1+ Kh7 26. Be4+ f5 27.
Bd5 Rd8 28. Bc4 b5 29. Ba2 cxb4 30. Rxb4 f6 31. Rbb1 Nf3 32. Rg3 Rxd3 33. Rxb5
Re1+ 0-1

[Event "Ann Arbor Winter Open.1"]
[Site "Ann Arbor, MI"]
[Date "1997.02.22"]
[Round "2"]
[White "Schell, Ken"]
[Black "Gabbard, Keith"]
[Result "1-0"]
[WhiteElo "1697"]
[BlackElo "1152"]
[PlyCount "101"]
[EventDate "1997.02.22"]

1. e4 c5 2. Nf3 Nc6 3. d4 cxd4 4. Nxd4 Nf6 5. Nc3 e5 6. Ndb5 d6 7. Bg5 a6 8.
Na3 b5 9. Nd5 Qa5+ 10. Bd2 Qd8 11. Bg5 Qa5+ 12. Bd2 Qd8 13. Bd3 Be6 14. Nxf6+
gxf6 15. Qh5 Rc8 16. c3 Qd7 17. h3 d5 18. exd5 Qxd5 19. Qe2 Rd8 20. Be4 Qd7 21.
O-O-O Qc7 22. Kb1 Na5 23. Nc2 f5 24. Bf3 Nc4 25. Bc1 e4 26. Bh5 Bc5 27. f3 Nd6
28. Bg5 Rd7 29. Nd4 Bc4 30. Qe1 Bxd4 31. Rxd4 Kf8 32. Bh6+ Ke8 33. fxe4 Nxe4
34. Rxd7 Qxd7 35. g4 Qd3+ 36. Ka1 Kd8 37. Bf4 Re8 38. Qh4+ Kc8 39. gxf5 Nxc3
40. Qg3 Qxg3 41. Bxg3 Nxa2 42. Rd1 Nb4 43. Bg4 Re3 44. f6+ Kb7 45. Rd7+ Kc6 46.
Rc7+ Kd5 47. Rd7+ Ke4 48. Re7+ Be6 49. Bf2 Rd3 50. Kb1 Rd7 51. Rxd7 1-0

[Event "Ann Arbor Winter Open.1"]
[Site "Ann Arbor, MI"]
[Date "1997.02.22"]
[Round "1"]
[White "Santiago, Reynaldo"]
[Black "Schell, Ken"]
[Result "1/2-1/2"]
[WhiteElo "2000"]
[BlackElo "1697"]
[PlyCount "130"]
[EventDate "1997.02.22"]

1. e4 d5 2. exd5 Nf6 3. Nf3 Nxd5 4. d4 Bg4 5. Be2 e6 6. O-O Be7 7. c4 Nb6 8. b3
Nc6 9. Bb2 O-O 10. Nbd2 Re8 11. h3 Bh5 12. a3 Bf8 13. Re1 g5 14. g4 Bg6 15. Nf1
h6 16. Ng3 Bg7 17. Qd2 Qd7 18. Rad1 Rad8 19. b4 Qe7 20. b5 Nb8 21. Qa5 a6 22.
Bd3 Bxd3 23. Rxd3 Nxc4 24. Qc3 Nxb2 25. Qxb2 Qd6 26. Ne4 Qb6 27. a4 axb5 28.
Rb3 Bxd4 29. Nxd4 Qxd4 30. Nf6+ Kf8 31. Qxd4 Rxd4 32. Nxe8 Kxe8 33. Rxb5 Rxa4
34. Rxb7 Na6 35. Rc1 c5 36. Ra7 Kf8 37. Rb1 Rb4 38. Rxb4 Nxb4 39. Rc7 Nd5 40.
Rxc5 Ke7 41. Ra5 Kf6 42. Ra2 Ke5 43. Kg2 Kf6 44. Kf3 Ke5 45. Ra7 Kf6 46. Kg3
Kg6 47. h4 gxh4+ 48. Kxh4 Nf4 49. Kg3 e5 50. Kf3 h5 51. gxh5+ Nxh5 52. Ke4 f6
53. Ra1 Nf4 54. Rg1+ Kf7 55. Rg4 Nh3 56. Kf5 Nxf2 57. Ra4 Ke7 58. Ra7+ Kd6 59.
Kxf6 Kd5 60. Kf5 Nd3 61. Ra5+ Nc5 62. Ra8 e4 63. Rd8+ Kc4 64. Kf4 Ne6+ 65. Kxe4
Nxd8 1/2-1/2

[Event "Ann Arbor Winter Open.1"]
[Site "Ann Arbor, MI"]
[Date "1997.02.22"]
[Round "2"]
[White "Santiago, Reynaldo"]
[Black "Hartwig, Thomas"]
[Result "1-0"]
[WhiteElo "2000"]
[BlackElo "1953"]
[PlyCount "95"]
[EventDate "1997.02.22"]

1. e4 c5 2. Nc3 Nc6 3. g3 g6 4. Bg2 Bg7 5. d3 e6 6. Be3 d6 7. Qd2 a6 8. f4 Nge7
9. Nf3 O-O 10. O-O Nd4 11. Ne1 Nec6 12. Nd1 Nb5 13. a4 Nc7 14. Nf3 b6 15. d4
Bb7 16. Nc3 e5 17. fxe5 cxd4 18. Bxd4 Nxd4 19. Qxd4 Ne6 20. Qxd6 Qxd6 21. exd6
Bxc3 22. bxc3 Bxe4 23. Ne5 Bxg2 24. Kxg2 Rad8 25. Rad1 Nc5 26. Rf4 f6 27. Nc6
Rd7 28. Rb4 a5 29. Rxb6 Nxa4 30. Ra6 Nxc3 31. Rd3 Ne4 32. Rxa5 Rxd6 33. Rxd6
Nxd6 34. Ra7 Rf7 35. Kf3 Rxa7 36. Nxa7 Kf7 37. Ke3 h5 38. Kd4 Ke6 39. c4 g5 40.
c5 Nf5+ 41. Kc4 Nxg3 42. hxg3 h4 43. gxh4 gxh4 44. Nc6 Kf5 45. Nd4+ Kg4 46. c6
h3 47. c7 h2 48. c8=Q+ 1-0

[Event "Ann Arbor Winter Open.1"]
[Site "Ann Arbor, MI"]
[Date "1997.02.22"]
[Round "1"]
[White "Potter, George"]
[Black "Seawald, Dennis"]
[Result "0-1"]
[WhiteElo "1877"]
[BlackElo "2305"]
[PlyCount "60"]
[EventDate "1997.02.22"]

1. e4 c5 2. Nf3 Nc6 3. d4 cxd4 4. Nxd4 Nf6 5. Nc3 e5 6. Nf5 d5 7. Ng3 Bb4 8.
exd5 Nxd5 9. Bd2 Bxc3 10. bxc3 O-O 11. Bc4 Nf4 12. O-O Qh4 13. Be2 Be6 14. Bxf4
exf4 15. Ne4 Rad8 16. Qc1 Rfe8 17. f3 Bd5 18. Bd3 Ne5 19. Nd2 Rd6 20. Qe1 Qh5
21. Qf2 Rh6 22. h3 Qg5 23. Kh2 Nxd3 24. cxd3 Rhe6 25. Ne4 Qg6 26. c4 Bc6 27.
Rae1 f5 28. Nc5 Qg3+ 29. Kg1 Rxe1 30. Rxe1 Rxe1+ 0-1

[Event "Ann Arbor Winter Open.2"]
[Site "Ann Arbor, MI"]
[Date "1997.02.22"]
[Round "2"]
[White "Meza, Alex"]
[Black "Gaiefsky, Joey"]
[Result "0-1"]
[WhiteElo "1283"]
[BlackElo "1174"]
[PlyCount "32"]
[EventDate "1997.02.22"]

1. e4 e5 2. Nf3 Nc6 3. Bc4 Nf6 4. Ng5 d5 5. exd5 Na5 6. Bb5+ c6 7. dxc6 bxc6 8.
Ba4 Nd5 9. Nf3 Bd6 10. O-O O-O 11. h3 Nf4 12. Kh2 e4 13. Ng1 Nxh3+ 14. Kh1 Qh4
15. g3 Nxf2+ 16. Kg2 Qxg3# 0-1

[Event "Ann Arbor Winter Open.2"]
[Site "Ann Arbor, MI"]
[Date "1997.02.22"]
[Round "1"]
[White "Jackson, Tamboura"]
[Black "Meza, Alex"]
[Result "1-0"]
[WhiteElo "1117"]
[BlackElo "1283"]
[PlyCount "59"]
[EventDate "1997.02.22"]

1. d4 d5 2. Nf3 Nf6 3. Bg5 e6 4. Bxf6 Qxf6 5. e3 Bd6 6. Bd3 Nd7 7. Nbd2 O-O 8.
c3 c5 9. Qc2 g6 10. e4 c4 11. Be2 Bc7 12. e5 Qg7 13. O-O-O a5 14. h4 h5 15. Ng5
a4 16. a3 f6 17. Nxe6 Qf7 18. Nxf8 Kxf8 19. f4 Nb6 20. Rhg1 Bf5 21. Ne4 Bxe4
22. Qd2 Bf5 23. Bf3 Bd3 24. Rge1 Qe6 25. Rg1 Bd8 26. g3 Be7 27. Qe3 Rc8 28. Rd2
Kf7 29. Rf2 Nd7 30. Rfg2 {Remainder illegible; 1-0, 46?} 1-0

[Event "Ann Arbor Winter Open.1"]
[Site "Ann Arbor, MI"]
[Date "1997.02.22"]
[Round "1"]
[White "Iyer, Krishnan"]
[Black "Sellers, Matt"]
[Result "0-1"]
[WhiteElo "1523"]
[BlackElo "1896"]
[PlyCount "64"]
[EventDate "1997.02.22"]

1. e4 c6 2. d4 d5 3. e5 Bf5 4. Bd3 Bxd3 5. Qxd3 e6 6. Nf3 Qa5+ 7. Bd2 Qa6 8.
Qxa6 Nxa6 9. O-O Ne7 10. a4 h5 11. Re1 Nf5 12. h4 Be7 13. g3 c5 14. c3 cxd4 15.
Nxd4 Nxd4 16. cxd4 Nb4 17. Na3 Nd3 18. Re3 Nxb2 19. Rb3 Bxa3 20. Raxa3 Nc4 21.
Ra2 b6 22. a5 Kd7 23. axb6 axb6 24. Rxa8 Rxa8 25. Bc1 Ra1 26. Rc3 b5 27. Kg2 b4
28. Rf3 Rxc1 29. Rxf7+ Kc6 30. Re7 b3 31. Rxe6+ Kb5 32. Re7 b2 0-1

[Event "Ann Arbor Winter Open.1"]
[Site "Ann Arbor, MI"]
[Date "1997.02.22"]
[Round "2"]
[White "Iyer, Krishnan"]
[Black "Davey, Scott"]
[Result "0-1"]
[WhiteElo "1523"]
[BlackElo "1684"]
[PlyCount "56"]
[EventDate "1997.02.22"]

1. e4 e5 2. Nf3 Nc6 3. d4 exd4 4. Bc4 Nf6 5. Ng5 Ne5 6. Qxd4 Nxc4 7. Qxc4 d5 8.
exd5 Qxd5 9. Qe2+ Be6 10. Nxe6 fxe6 11. O-O O-O-O 12. Nc3 Qc6 13. Re1 Bb4 14.
Nb5 Bc5 15. Bf4 Nd5 16. Bg5 Rde8 17. c4 Rhf8 18. Bh4 Nf4 19. Qe4 Qxe4 20. Rxe4
Nd3 21. Re2 e5 22. Nc3 Rf4 23. Re4 Rxh4 24. Rxh4 Bxf2+ 25. Kh1 Bxh4 26. g3 Bf6
27. b3 e4 28. Kg2 Bxc3 0-1

[Event "Ann Arbor Winter Open.1"]
[Site "Ann Arbor, MI"]
[Date "1997.02.22"]
[Round "1"]
[White "Hartwig, Thomas"]
[Black "Boldrick, Thomas"]
[Result "1-0"]
[WhiteElo "1953"]
[BlackElo "1609"]
[PlyCount "23"]
[EventDate "1997.02.22"]

1. e4 c5 2. Nf3 Nc6 3. d4 cxd4 4. Nxd4 Nf6 5. Nc3 d6 6. Bg5 e6 7. Qd2 Be7 8.
O-O-O a6 9. f4 b5 10. Nxc6 Qc7 11. Nxe7 Qxe7 12. e5 1-0